Set me free : a novel in five acts / Miranda Beverly-Whittemore.
A tragic accident at his progressive school for Native American children in Oregon that leaves headmaster Elliot Barrow in a coma reunites the friends and family of the victim, as well as some strangers whose presence reveals shattering secrets from the past.
Record details
- ISBN: 9780446533317
- ISBN: 0446533319
- Physical Description: 354 pages ; 22 cm
- Edition: 1st ed.
- Publisher: New York : Warner Books, 2007.
Search for related items by subject
| Subject: | School principals > Oregon > Fiction. Fathers and daughters > Fiction. |
| Genre: | Domestic fiction. |
Available copies
- 1 of 1 copy available at scottsboropl.
Holds
- 0 current holds with 1 total copy.
Show Only Available Copies
| Location | Call Number / Copy Notes | Barcode | Shelving Location | Status | Due Date |
|---|---|---|---|---|---|
| scottsboropl | F Whi | 32269001095606 | Adult - Fiction | Available | - |
| LDR | 01299nam a2200325 a 4500 | ||
|---|---|---|---|
| 001 | 149640 | ||
| 003 | CONS | ||
| 005 | 20190111122406.0 | ||
| 008 | 060626s2007 nyu 000 1 eng | ||
| 010 | . | ‡a 2006020983 | |
| 020 | . | ‡a9780446533317 | |
| 020 | . | ‡a0446533319 | |
| 035 | . | ‡a(CPomAG)LMN610129 | |
| 043 | . | ‡an-us-or | |
| 050 | 0 | 0. | ‡aPS3602.E845 ‡bS48 2007 |
| 082 | 0 | 0. | ‡a813/.6 ‡222 |
| 100 | 1 | . | ‡aBeverly-Whittemore, Miranda. |
| 245 | 1 | 0. | ‡aSet me free : ‡ba novel in five acts / ‡cMiranda Beverly-Whittemore. |
| 250 | . | ‡a1st ed. | |
| 260 | . | ‡aNew York : ‡bWarner Books, ‡c2007. | |
| 300 | . | ‡a354 pages ; ‡c22 cm | |
| 336 | . | ‡atext ‡btxt ‡2rdacontent | |
| 337 | . | ‡aunmediated ‡bn ‡2rdamedia | |
| 338 | . | ‡avolume ‡bnc ‡2rdacarrier | |
| 520 | . | ‡aA tragic accident at his progressive school for Native American children in Oregon that leaves headmaster Elliot Barrow in a coma reunites the friends and family of the victim, as well as some strangers whose presence reveals shattering secrets from the past. | |
| 650 | 0. | ‡aSchool principals ‡zOregon ‡vFiction. | |
| 650 | 0. | ‡aFathers and daughters ‡vFiction. | |
| 655 | 7. | ‡aDomestic fiction. ‡2lcgft | |
| 959 | . | ‡i32269001095606 ‡l913.6 Whi ‡aAdult - Nonfiction ‡tNonFiction ‡g25.00 | |
| 852 | . | ‡p32269001095606 ‡j913.6 Whi ‡gAdult - Nonfiction ‡cNonFiction ‡y25.00 ‡bSBPL | |
| 901 | . | ‡a149640 ‡bUnknown ‡c149640 ‡tbiblio | |